| 000 | 00955nam a22002057a 4500 | ||
|---|---|---|---|
| 007 | cu a| a||a| | ||
| 008 | 241202e20241128xxk|||||o||||o00| 0 eng d | ||
| 041 | _aeng | ||
| 110 |
_aMining Remediation Authority _96346 |
||
| 245 | _aNew era as Coal Authority becomes Mining Remediation Authority | ||
| 260 |
_bMining Remediation Authority, _c28 November 2024 |
||
| 520 | _aThe Coal Authority has changed its name to the Mining Remediation Authority to better reflect the organisation’s role to manage the effects of historical mining in England, Scotland and Wales and its work to seek low-carbon opportunities and net-zero. | ||
| 650 | _aCARBON EMISSIONS | ||
| 650 | _aCOAL | ||
| 650 | _aMINING | ||
| 650 | _aNET ZERO | ||
| 651 | _aUnited Kingdom | ||
| 710 |
_aMining Remediation Authority _96346 |
||
| 856 |
_uhttps://www.gov.uk/government/news/new-era-as-coal-authority-becomes-mining-remediation-authority _zPress release available on .gov.uk |
||
| 999 |
_c122061 _d122061 |
||